000 00851 a2200241 4500
999 _c4377
_d4377
020 _a1538-8220(2002)1:1
050 0 0 _aLB3013.3SCH2002
245 0 0 _aJournal of school violence.
264 _aBinghamton, NY : Haworth Press [Abingdon, UK] :
_bRoutledge, Taylor & Francis Group
_c2002
300 _av. :
_bill.
500 _aincludes index
650 0 _aSchool violence
_xPrevention
650 0 _aSchool environment
650 6 _aViolence dans les čoles
_xPrv̌ention
650 6 _aMilieu scolaire
650 0 7 _aGewalt.
650 0 7 _aSchule.
650 0 7 _aZeitschrift.
650 7 _aSchool environment.
650 7 _aSchool violence
_xPrevention.
942 _2lcc
_cBK
_h3013.3
_iSCH
_kLB